| 000 | 00643nam a2200181 i 4500 | ||
|---|---|---|---|
| 001 | 83279 | ||
| 003 | ES-MaACL | ||
| 005 | 20231218204913.0 | ||
| 008 | 180703s1925 sp |||| | spa d | ||
| 080 | _a821.133.1-32"19" | ||
| 100 | 1 |
_aBrousson, Jean-Jacques. _931968 |
|
| 245 | 1 | 0 |
_aAnatole France en zapatillas / _cJean Jacques Brousson ; traducción de Margarita Nelken. |
| 260 |
_aMadrid : _bBiblioteca Nueva, _c1925. |
||
| 300 |
_a331 p. ; _c20 cm. |
||
| 700 | 1 |
_aNelken, Margarita, _d1894-1968 _985355 |
|
| 852 |
_aES-MaACL _jL-32156 _z.- Donat. herederos de la bibl. de Mª del Pilar Costa Palacín |
||
| 999 |
_c83279 _d83279 |
||